Caught in two winds/ (Record no. 164852)
[ view plain ]
| 000 -LEADER | |
|---|---|
| fixed length control field | 00500nam a22001817a 4500 |
| 005 - DATE AND TIME OF LATEST TRANSACTION | |
| control field | 20190528162232.0 |
| 010 ## - LCCN (DPL NO) | |
| LC control number | ENG-125343 |
| 020 ## - INTERNATIONAL STANDARD BOOK NUMBER | |
| International Standard Book Number | 9789382536390 |
| Terms of availability | 225.00 |
| 035 ## - SYSTEM CONTROL NUMBER | |
| System control number | EN-108875 |
| 037 ## - SOURCE OF ACQUISITION | |
| Source of stock number/acquisition | DBAD/PUB |
| 082 ## - DEWEY DECIMAL CLASSIFICATION NUMBER | |
| Classification number | N |
| 100 ## - MAIN ENTRY--PERSONAL NAME | |
| Personal name | Pant, Monika |
| 245 ## - TITLE STATEMENT | |
| Title | Caught in two winds/ |
| Statement of responsibility, etc | by Monika Pant |
| 260 ## - PUBLICATION, DISTRIBUTION, ETC. (IMPRINT) | |
| Place of publication, distribution, etc | New Delhi |
| Name of publisher, distributor, etc | LiFi Publication |
| Date of publication, distribution, etc | 2014 |
| 270 ## - ADDRESS | |
| Address | 211,2nd Floor, Gagandeep 12,Rajendra Place, |
| City | New Delhi |
| Postal code | 110008 |
| 300 v# - PHYSICAL DESCRIPTION | |
| Extent | xi230p. |
| Dimensions | 20cm(pb) |
| 942 ## - ADDED ENTRY ELEMENTS (KOHA) | |
| Source of classification or shelving scheme | Dewey Decimal Classification |
| Item type | English Books |
| Call number suffix | PAN |
| Classification part | N |
| Withdrawn status | Lost status | Not for loan | Collection code | Home library | Current library | Date acquired | Source of acquisition | Cost, normal purchase price | Full call number | Barcode | Copy number | Cost, replacement price | Koha item type |
|---|---|---|---|---|---|---|---|---|---|---|---|---|---|
| Fiction | Bawana | Bawana | 28/05/2019 | DBAD/PUB | 225.00 | N PAN | EN-108875 | 1 | 225.00 | English Books |
